| 000 | 00734nam a2200253 a 4500 | ||
|---|---|---|---|
| 008 | |||
| 020 | _a0471569488 (cased.) | ||
| 049 | _aMAIN | ||
| 090 |
_aHG3853 _bKLO |
||
| 100 | 1 | _aKlopfenstein, Gary. | |
| 245 | 1 | 0 |
_aTrading currency cross rates / _cGary Klopfenstein, Jon Stein. |
| 260 |
_aNew York : _bJ. Wiley, _c1993. |
||
| 300 |
_axvi, 160 p. : _bill. ; _c24 cm. |
||
| 440 | 0 | _aWiley trader's advantage series. | |
| 500 | _aIncludes index. | ||
| 650 | 0 | _aForeign exchange futures. | |
| 650 | 0 | _aHedging (Finance). | |
| 700 | 1 | _aStein, Jon. | |
| 907 |
_a.b1006042x _b22-02-17 _c17-04-03 |
||
| 003 | |||
| 005 | 20230123133236.0 | ||
| 040 | _cNUST | ||
| 942 |
_cBOOKS _kHG3853 _mKLO |
||
| 999 |
_c145205 _d145205 |
||